|
|
|
|
| LEADER |
03614nam a2200469 i 4500 |
| 001 |
45358 |
| 003 |
BD-DhAAL |
| 005 |
20260223123857.0 |
| 008 |
260223t2021 nyu b 001 0 eng |
| 010 |
|
|
|a 2020046669
|
| 020 |
|
|
|a 9780367569792
|
| 020 |
|
|
|a 9781003100164
|
| 020 |
|
|
|a 9780367569761
|
| 035 |
|
|
|a 21816206
|
| 040 |
|
|
|a DLC
|b eng
|c DLC
|e rda
|d DLC
|d BD-DhAAL
|
| 042 |
|
|
|a pcc
|
| 043 |
|
|
|a aw-----
|
| 050 |
0 |
0 |
|a PJ809
|
| 082 |
0 |
0 |
|a 809.8928709056
|2 23
|
| 245 |
0 |
0 |
|a Memory, voice, and identity :
|b Muslim women's writing from across the Middle East /
|c edited by Feroza Jussawalla and Doaa Omran.
|
| 260 |
|
|
|a New York, NY :
|b Routledge/Taylor & Francis Group,
|c 2021.
|
| 300 |
|
|
|a xvi, 260 pages ;
|c 23 cm
|
| 490 |
0 |
|
|a Routledge Studies in Twentieth Century Literature
|
| 504 |
|
|
|a Includes bibliographical references and index.
|
| 520 |
|
|
|a "Muslim women have been stereotyped by Western academia as oppressed and voiceless. This volume problematizes this Western academic representation. Muslim Women Writers from the Middle East from Out al-Kouloub al-Dimerdashiyyah (1899-1968) and Latifa al-Zayat (1923-1996) from Egypt, to current diasporic writers such as Tamara Chalabi from Iraq, Mohja Kahf from Syria, and even trendy writers such as Alexandra Chreiteh, challenge the received notion of Middle Eastern women as subjugated and secluded. The younger largely Muslim women scholars collected in this book present cutting edge theoretical perspectives on these Muslim women writers. This book includes essays from the conflict-ridden countries such as Iran, Iraq, Palestine, Syria, and the resultant diaspora. The strengths of Muslim women writers are captured by the scholars included herein. The approach is feminist, post-colonial, and disruptive of Western stereotypical academic tropes"--
|
| 526 |
8 |
|
|a ENH
|x Sabiha Huq, PhD
Professor
Department of English and Humanities
BRAC University
Course Name and No. : Thesis (ENG 698), Dissertations (ENG 466)
|
| 541 |
1 |
|
|a Hye Trade International
|e 45358, 45359
|
| 650 |
|
0 |
|a Middle Eastern literature
|x Women authors
|x History and criticism.
|9 60269
|
| 650 |
|
0 |
|a Middle Eastern literature
|y Muslim authors
|x History and criticism.
|9 60270
|
| 650 |
|
0 |
|a Middle Eastern literature
|y 20th century
|x History and criticism.
|9 60271
|
| 650 |
|
0 |
|a Middle Eastern literature
|y 21th century
|x History and criticism.
|9 60272
|
| 650 |
|
0 |
|a Identity (Philosophical concept) in literature.
|9 60273
|
| 650 |
|
0 |
|a National characteristics in literature.
|9 60274
|
| 650 |
|
0 |
|a Memory in literature.
|9 30691
|
| 650 |
|
0 |
|a Muslim women in literature.
|9 60275
|
| 700 |
1 |
|
|a Jussawalla, Feroza F.,
|d 1953-
|e editor.
|9 60276
|
| 700 |
1 |
|
|a Omran, Doaa,
|e editor.
|9 60277
|
| 830 |
|
|
|a Routledge Studies in Twentieth Century Literature
|9 30840
|
| 942 |
|
|
|2 ddc
|c BK
|
| 999 |
|
|
|c 47723
|d 47723
|
| 952 |
|
|
|0 0
|1 0
|2 ddc
|4 0
|6 809_892870905600000_MEM
|7 0
|9 78781
|a BRACUL
|b BRACUL
|c GEN
|d 2026-01-29
|e Hye Trade International
|g 4039.00
|l 0
|o 809.8928709056 MEM
|p 3010045359
|r 2026-01-29
|t 2
|v 8078.00
|w 2026-01-29
|y BK
|x Requisitioned by Sabiha Huq (Professor, Department of English and Humanities, BRAC University) for the course named- Thesis ‘’(ENG 698)’’, Dissertations ‘’(ENG 466)’’
|
| 952 |
|
|
|0 0
|1 0
|2 ddc
|4 0
|6 809_892870905600000_MEM
|7 0
|9 78782
|a BRACUL
|b BRACUL
|c NEW
|d 2026-01-29
|e Hye Trade International
|g 4039.00
|l 0
|o 809.8928709056 MEM
|p 3010045358
|r 2026-01-29
|t 1
|v 8078.00
|w 2026-01-29
|y BK
|x Requisitioned by Sabiha Huq (Professor, Department of English and Humanities, BRAC University) for the course named- Thesis ‘’(ENG 698)’’, Dissertations ‘’(ENG 466)’’
|